Democracia, certidumbre y seguridad política
Guardat en:
| Autor principal: | |
|---|---|
| Format: | Llibre |
| Idioma: | espanyol |
| Publicat: |
Santiago
Comisión Sudamericana de Paz
1990
|
| Col·lecció: | Documento de Trabajo, 7
|
| Matèries: | |
| Etiquetes: |
Afegir etiqueta
Sense etiquetes, Sigues el primer a etiquetar aquest registre!
|
MARC
| LEADER | 00000nam a2200000 a 4500 | ||
|---|---|---|---|
| 001 | UCX3676 | ||
| 003 | CL-VaPUC | ||
| 008 | 911122e19900000CL |||||||||||||||||spa|d | ||
| 082 | 0 | 4 | |a 321.8 |b VEG |2 21 |
| 100 | 0 | |a Vega, Juan Enrique |e author |9 319854 | |
| 245 | 1 | 0 | |a Democracia, certidumbre y seguridad política |
| 300 | |a 39 p | ||
| 942 | |c BK | ||
| 945 | |d 19911122 00:00:00 |a oaravena | ||
| 260 | |a Santiago |b Comisión Sudamericana de Paz |c 1990 | ||
| 500 | |a Trabajo presentado al Seminario Los nuevos desafíos a la soberanía y la seguridad de América del Sur del 11 al 13 de Julio de 1989, Santiago de Chile, organizado por la Comisión Sudamericana de Paz | ||
| 650 | 0 | |a Democracia |9 255256 | |
| 583 | |a last modification |c 19911122 00:00:00 |k Rodrigo Vera | ||
| 490 | 0 | |a Documento de Trabajo, 7 | |
| 999 | |c 224365 |d 224363 | ||
| 952 | |0 0 |1 0 |4 0 |6 321_800000000000000_VEG_1990 |7 0 |8 A |9 220937 |a BIBHIS |b BIBHIS |d 2019-11-15 |i 2896974 |o 321.8 VEG 1990 |p 2896974 |r 2025-01-20 |w 2019-11-15 |y BK |k HIS | ||
| 952 | |0 0 |1 0 |4 0 |6 321_800000000000000_VEG_1990 |7 0 |8 A |9 220938 |a BIBHIS |b BIBHIS |d 2019-11-15 |i 2977664 |o 321.8 VEG 1990 |p 2977664 |r 2025-01-20 |w 2019-11-15 |y BK |k HIS | ||